| 000 | 00830nam a2200289Ia 4500 | ||
|---|---|---|---|
| 001 | Para_10156 | ||
| 003 | CHAP | ||
| 008 | 220125s2012 xx 000 0 und d | ||
| 010 | _a208850 | ||
| 020 | _a978 - 958 - 8595 - 02 - 3 | ||
| 040 | _cCHAP | ||
| 082 | _aPA 630 G73 2012 | ||
| 245 |
_aGranja integral autosuficiente / _c Colaboradores Efraín Vela Guerrero...[et. al.] |
||
| 260 |
_aBogotá : _b Granja |
||
| 300 | _a304 p. | ||
| 650 |
_aAgricultura _91172 |
||
| 650 |
_aGranjas _950386 |
||
| 700 |
_aI.Vela Guerrero, Efraín, colaborador _9175172 |
||
| 700 |
_aII.Donoso Echegoyen, Augusto, Colaborador _9175173 |
||
| 901 | _aPA 630 G73 2012 | ||
| 902 | _aA | ||
| 905 | _a5232202012 8000000300 06 | ||
| 910 | _a2012 | ||
| 942 | _cPARA | ||
| 942 |
_cPARA _d1 |
||
| 999 |
_c208850 _d208850 |
||